000
00212nam a2200085Ia 4500
008
120527s9999 xx 000 0 und d
100
_a
CERVENKA, Z.
245
_a
A History of the Nigerian War 1967-1970
942
_c
BK
999
_c
25521
_d
25521